000 00241nam a22001217a 4500
082 _a821
_bBAL/S
100 _aBALAKRISHNAN, B. N
245 _aTHE SILVER LUTE
260 _aMADRS
_bMACMILLAN
300 _a78
650 _aPOETRY
942 _cBK
999 _c3877
_d3877